000 00717nam a2200241Ia 4500
003 GCL
008 140319s9999 xx 000 0 ara d
040 _aGCL /
_cGCL
082 0 4 _a962.064
_bم ر
100 1 _aمحمود الامام
245 1 0 _aرؤية ناصرية فى المسالة الاقتصادية /
_cمحمود الامام
260 _a[S.N] :
_bدار المستقبل العربى ،
_c1989
300 _a219 ص
490 _a
650 0 4 _aالعصر الحديث
650 0 4 _aمصر
650 0 4 _aتاريخ
650 0 4 _aالتنمية الاقتصادية
650 0 4 _aالتأميم
650 0 4 _aالناصرية
650 0 4 _aجمال عبدالناصر
942 _2ddc
_cBK
999 _c34824
_d34824